[Event "SWE-chT 1819 Superettan"]
[Site "Sweden"]
[Date "2019.03.30"]
[Round "8"]
[White "Hansson, Fredrik"]
[Black "Storme, Isak"]
[Result "0-1"]
[WhiteElo "2178"]
[BlackElo "2271"]
[PlyCount "66"]
[EventDate "2018.11.09"]
[EventType "team-tourn"]
[EventRounds "9"]
[EventCountry "SWE"]
[SourceTitle "EXT 2020"]
[Source "ChessBase"]
[SourceDate "2019.10.17"]
[SourceVersion "1"]
[SourceVersionDate "2019.10.17"]
[SourceQuality "1"]
[WhiteTeam "Kristallen"]
[BlackTeam "Manhem"]
[WhiteTeamCountry "SWE"]
[BlackTeamCountry "SWE"]

1. e4 e5 2. Nf3 Nc6 3. Bb5 g6 4. c3 a6 5. Ba4 Bg7 6. 0-0 Nge7 7. d4 exd4 8. cxd4 b5 9. Bb3 0-0 10. Nc3 d6 11. h3 Na5 12. Bc2 c5 13. Bg5 h6 14. Bh4 g5 15. Bg3 Nc4 16. b3 Na3 17. Rc1 g4 18. hxg4 Bxg4 19. Ne2 Nc6 20. e5 dxe5 21. dxc5 f5 22. Bh4 Qe8 23. Re1 Nb4 24. Bb1 Bxf3 25. gxf3 Qg6+ 26. Kf1 Nxb1 27. Rxb1 Qh5 28. Be7 Rf7 29. Ng3 Qh3+ 30. Ke2 f4 31. Ne4 Rxe7 32. Qd6 Qe6 33. a3 Nc6 0-1

[Event "SWE-chT 1819 Superettan"]
[Site "Sweden"]
[Date "2019.03.29"]
[Round "7"]
[White "Rydstrom, Tom"]
[Black "Hansson, Fredrik"]
[Result "1-0"]
[WhiteElo "2310"]
[BlackElo "2178"]
[PlyCount "47"]
[EventDate "2018.11.09"]
[EventType "team-tourn"]
[EventRounds "9"]
[EventCountry "SWE"]
[SourceTitle "EXT 2020"]
[Source "ChessBase"]
[SourceDate "2019.10.17"]
[SourceVersion "1"]
[SourceVersionDate "2019.10.17"]
[SourceQuality "1"]
[WhiteTeam "Vaxjo"]
[BlackTeam "Kristallen"]
[WhiteTeamCountry "SWE"]
[BlackTeamCountry "SWE"]

1. e4 e5 2. Nf3 Nc6 3. Bb5 a6 4. Ba4 Nf6 5. d3 d6 6. c3 g6 7. 0-0 Bg7 8. Re1 0-0 9. Nbd2 b5 10. Bb3 Na5 11. Bc2 c5 12. Nf1 h6 13. Ng3 Nc6 14. a4 b4 15. h3 Rb8 16. Be3 Kh7 17. d4 bxc3 18. bxc3 cxd4 19. cxd4 Qe7 20. Rc1 Rd8 21. Bb1 Nb4 22. a5 Qe8 23. Qd2 Nd7 24. Rc4 1-0

[Event "SWE-chT 1819 Superettan"]
[Site "Sweden"]
[Date "2019.01.11"]
[Round "6"]
[White "Hansson, Fredrik"]
[Black "Emmoth, Alfons"]
[Result "1/2-1/2"]
[WhiteElo "2178"]
[BlackElo "2109"]
[PlyCount "151"]
[EventDate "2018.11.09"]
[EventType "team-tourn"]
[EventRounds "9"]
[EventCountry "SWE"]
[SourceTitle "EXT 2020"]
[Source "ChessBase"]
[SourceDate "2019.10.17"]
[SourceVersion "1"]
[SourceVersionDate "2019.10.17"]
[SourceQuality "1"]
[WhiteTeam "Kristallen"]
[BlackTeam "Vasteras II"]
[WhiteTeamCountry "SWE"]
[BlackTeamCountry "SWE"]

1. e4 e6 2. d4 d5 3. exd5 exd5 4. c4 Bb4+ 5. Nc3 Ne7 6. Nf3 0-0 7. Bd3 dxc4 8. Bxc4 Bg4 9. 0-0 Nbc6 10. a3 Ba5 11. Be2 Bxf3 12. Bxf3 Qxd4 13. Qxd4 Nxd4 14. Bxb7 Rab8 15. Ba6 Nb3 16. Rb1 Rb6 17. Bc4 Bxc3 18. bxc3 Nxc1 19. Rfxc1 Nf5 20. Rb4 Nd6 21. Bd3 Rd8 22. Ra4 Nc8 23. Bf5 Ne7 24. Be4 Nc8 25. f3 g6 26. Ra5 Rd2 27. f4 Rbb2 28. Rd5 Nd6 29. Rxd2 Rxd2 30. Re1 Ra2 31. Bd5 Rxa3 32. c4 Kf8 33. Kf2 Rc3 34. Ra1 Nxc4 35. Rxa7 Nb6 36. Bf3 Ke7 37. Ke2 Kd6 38. Kd2 Rc4 39. g3 Ra4 40. Rxa4 Nxa4 41. Kd3 f6 42. h4 h6 43. Bg2 Nc5+ 44. Kc4 g5 45. fxg5 fxg5 46. hxg5 hxg5 47. Kd4 c6 48. Bh3 Ne6+ 49. Ke4 Ng7 50. Bg4 c5 51. Bc8 Kc7 52. Bg4 Kd6 53. Bc8 Nh5 54. Kf5 Nxg3+ 55. Kxg5 c4 56. Ba6 c3 57. Bd3 Ke5 58. Bb1 Nf1 59. Kg4 Kd4 60. Kf4 Kc4 61. Bh7 Kd4 62. Bg6 Ne3 63. Kf3 Nd5 64. Bh7 Nb4 65. Ke2 Kc4 66. Bg8+ Kd4 67. Bh7 Nd5 68. Bb1 Nf4+ 69. Kd1 Kc4 70. Bh7 Kb3 71. Kc1 Ne2+ 72. Kb1 Nd4 73. Bg8+ Ka3 74. Bh7 c2+ 75. Bxc2 Nxc2 76. Kxc2 1/2-1/2

[Event "SWE-chT 1819 Superettan"]
[Site "Sweden"]
[Date "2018.11.09"]
[Round "1"]
[White "Hansson, Fredrik"]
[Black "Dahlgren, Jonas"]
[Result "1-0"]
[WhiteElo "2178"]
[BlackElo "2023"]
[PlyCount "131"]
[EventDate "2018.11.09"]
[EventType "team-tourn"]
[EventRounds "9"]
[EventCountry "SWE"]
[SourceTitle "EXT 2020"]
[Source "ChessBase"]
[SourceDate "2019.10.17"]
[SourceVersion "1"]
[SourceVersionDate "2019.10.17"]
[SourceQuality "1"]
[WhiteTeam "Kristallen"]
[BlackTeam "Alingsas"]
[WhiteTeamCountry "SWE"]
[BlackTeamCountry "SWE"]

1. e4 e5 2. Nf3 Nc6 3. Bb5 a6 4. Ba4 Nf6 5. 0-0 Nxe4 6. d4 b5 7. Bb3 d5 8. dxe5 Be6 9. c3 Bc5 10. Nbd2 0-0 11. Bc2 Nxf2 12. Rxf2 f6 13. exf6 Bxf2+ 14. Kxf2 Qxf6 15. Kg1 Bg4 16. h3 Bh5 17. Bb3 Rad8 18. Qe1 Kh8 19. Qg3 Qe7 20. Kh2 Rd6 21. Qg5 Qxg5 22. Nxg5 Ne5 23. g4 Bg6 24. Kg3 c6 25. Ngf3 Nd3 26. Nh4 Be8 27. Bc2 Ne1 28. Bd1 Re6 29. Ndf3 Nd3 30. b4 Nxc1 31. Rxc1 Re3 32. Nf5 Re6 33. N5d4 Re3 34. Kf2 Re7 35. a4 g6 36. a5 Bd7 37. Bc2 Kg7 38. Re1 Rfe8 39. Rxe7+ Rxe7 40. Nb3 Bc8 41. Nc5 Kf7 42. Nd4 Rc7 43. Kg3 Ke7 44. h4 Kd6 45. h5 gxh5 46. gxh5 Rg7+ 47. Kf4 Rg4+ 48. Kf3 Rg5 49. h6 Rh5 50. Bxh7 Rxh6 51. Bf5 Kc7 52. Bxc8 Kxc8 53. Ke3 Rh3+ 54. Kd2 Rh2+ 55. Kd3 Rh3+ 56. Kc2 Rh6 57. Nxa6 Kb7 58. Nc5+ Ka7 59. Nce6 Ka6 60. Kb3 Rg6 61. Nf8 Rd6 62. Nfe6 Kb7 63. Nc5+ Ka7 64. Nde6 Kb8 65. Kc2 Ka7 66. Kd3 1-0

[Event "SWE-chT 1718 Superettan"]
[Site "Sweden"]
[Date "2018.03.16"]
[Round "7"]
[White "Cramling, Pia"]
[Black "Hansson, Fredrik"]
[Result "1-0"]
[WhiteElo "2450"]
[BlackElo "2150"]
[PlyCount "49"]
[EventDate "2017.10.20"]
[EventType "team-tourn"]
[EventRounds "9"]
[EventCountry "SWE"]
[SourceTitle "EXT 2019"]
[Source "ChessBase"]
[SourceDate "2018.10.10"]
[SourceVersion "1"]
[SourceVersionDate "2018.10.10"]
[SourceQuality "1"]
[WhiteTeam "Wasa"]
[BlackTeam "Orgryte"]
[WhiteTeamCountry "SWE"]
[BlackTeamCountry "SWE"]

1. Nf3 Nf6 2. c4 c5 3. Nc3 Nc6 4. d4 cxd4 5. Nxd4 d6 6. e4 g6 7. Be2 Nxd4 8. Qxd4 Bg7 9. Bg5 0-0 10. Qd2 Re8 11. Rc1 Bd7 12. 0-0 Bc6 13. f3 a5 14. Kh1 Nd7 15. b3 Nc5 16. Rc2 Be5 17. Rb1 f6 18. Be3 g5 19. a3 e6 20. b4 axb4 21. axb4 Na4 22. Nd1 b6 23. Nf2 Qe7 24. Nd3 h6 25. Nxe5 1-0

[Event "Nova Gorica op 23rd"]
[Site "Nova Gorica"]
[Date "2018.02.01"]
[Round "9"]
[White "Hansson, Fredrik"]
[Black "Jelen, Miha"]
[Result "1-0"]
[WhiteElo "2177"]
[BlackElo "1929"]
[PlyCount "63"]
[EventDate "2018.01.26"]
[EventType "swiss"]
[EventRounds "9"]
[EventCountry "SLO"]
[SourceTitle "CBM 182 Extra"]
[Source "ChessBase"]
[SourceDate "2018.02.23"]
[SourceVersion "1"]
[SourceVersionDate "2018.02.23"]
[SourceQuality "1"]

1. e4 c5 2. c3 Nf6 3. e5 Nd5 4. d4 Nc6 5. Nf3 cxd4 6. cxd4 d6 7. Bc4 Nb6 8. Bb5 Bd7 9. Nc3 e6 10. 0-0 dxe5 11. dxe5 Be7 12. Qe2 0-0 13. Qe4 Nb4 14. Qxb7 Bxb5 15. Nxb5 N6d5 16. Nc3 Rb8 17. Qxa7 Nxc3 18. bxc3 Nc2 19. Bg5 Nxa1 20. Bxe7 Qd3 21. Bxf8 Rb1 22. Nd2 Rxf1+ 23. Nxf1 Kxf8 24. Qc5+ Ke8 25. h3 Nc2 26. a4 Qa6 27. a5 h5 28. Ng3 Qd3 29. Nxh5 Qd1+ 30. Kh2 Qxh5 31. a6 Qg5 32. a7 1-0

[Event "Hasselbacken op"]
[Site "Stockholm"]
[Date "2016.05.04"]
[Round "5"]
[White "Hansson, Fredrik"]
[Black "Aronsson, Marten"]
[Result "1/2-1/2"]
[WhiteElo "2160"]
[BlackElo "2304"]
[PlyCount "156"]
[EventDate "2016.04.30"]
[EventType "swiss"]
[EventRounds "9"]
[EventCountry "SWE"]
[SourceTitle "CBM 172 Extra"]
[Source "ChessBase"]
[SourceDate "2016.06.21"]
[SourceVersion "1"]
[SourceVersionDate "2016.06.21"]
[SourceQuality "1"]

1. e4 e5 2. Nf3 Nc6 3. Bb5 a6 4. Ba4 Nf6 5. 0-0 Nxe4 6. d4 b5 7. Bb3 d5 8. dxe5 Be6 9. c3 Be7 10. Nbd2 Nc5 11. Bc2 d4 12. cxd4 Nxd4 13. Nxd4 Qxd4 14. Nf3 Qxd1 15. Rxd1 Bg4 16. h3 Bh5 17. Be3 Bxf3 18. gxf3 Nd7 19. f4 c5 20. a4 b4 21. Bb3 Ra7 22. Rac1 Rc7 23. a5 Rf8 24. Ba4 Kd8 25. Rd5 Kc8 26. Bxd7+ Rxd7 27. Bxc5 Rc7 28. Kg2 Rd8 29. Rxd8+ Bxd8 30. Kf3 Rc6 31. Ke4 Bxa5 32. Kd5 Kd7 33. Rd1 g6 34. b3 Bb6 35. Bxb6 Rxb6 36. Kc5+ Kc7 37. Rd7+ Kxd7 38. Kxb6 Ke6 39. Kxa6 Kf5 40. Kb5 Kxf4 41. Kxb4 g5 42. Kc5 h5 43. b4 g4 44. hxg4 h4 45. b5 h3 46. b6 h2 47. b7 h1Q 48. b8Q Qc1+ 49. Kd6 Qa3+ 50. Kd7 Kxg4 51. Qd6 Qa7+ 52. Ke8 Qxf2 53. Qf6 Qa7 54. Kf8 Qb7 55. Kg7 Qd5 56. Kg8 Qe6 57. Kf8 Qd5 58. Kg7 Kh3 59. Qf5+ Kg3 60. Kf6 Qc4 61. Qg5+ Kf2 62. Kg7 Qd5 63. Qf4+ Ke2 64. Qg4+ Ke3 65. Kf6 Qe4 66. Qg1+ Kd3 67. Qb1+ Ke3 68. Qc1+ Kd3 69. Qa3+ Kd4 70. Qa7+ Kc3 71. Qc5+ Kd3 72. Kxf7 Qh7+ 73. Ke6 Qg6+ 74. Kd7 Qf5+ 75. Ke7 Ke4 76. Kd6 Qf8+ 77. Kc6 Qxc5+ 78. Kxc5 Kxe5 1/2-1/2

[Event "Lund CellaVision Cup"]
[Site "Lund"]
[Date "2015.08.09"]
[Round "8"]
[White "Hansson, Fredrik"]
[Black "Schneider, Stefan"]
[Result "1/2-1/2"]
[WhiteElo "2036"]
[BlackElo "2382"]
[PlyCount "48"]
[EventDate "2015.08.07"]
[EventType "swiss"]
[EventRounds "8"]
[EventCountry "SWE"]
[SourceTitle "CBM 167 Extra"]
[Source "ChessBase"]
[SourceDate "2015.09.14"]
[SourceVersion "1"]
[SourceVersionDate "2015.09.14"]
[SourceQuality "1"]

1. e4 Nf6 2. e5 Nd5 3. d4 Nb6 4. c4 d6 5. exd6 exd6 6. Nc3 Be7 7. h3 Bf5 8. Nf3 0-0 9. Bd3 Qd7 10. 0-0 Nc6 11. b3 Bf6 12. Bb2 Nb4 13. Bb1 d5 14. c5 Nc8 15. a3 Nc6 16. b4 a6 17. Re1 N8e7 18. Ba2 Be6 19. Qd2 Ng6 20. Ne2 Nh4 21. Ne5 Qc8 22. Qe3 Ne7 23. Ng3 g6 24. Qf4 Kg7 1/2-1/2

[Event "Lund CellaVision Cup"]
[Site "Lund"]
[Date "2015.08.08"]
[Round "6"]
[White "Hansson, Fredrik"]
[Black "Gajic, Mladen"]
[Result "1-0"]
[WhiteElo "2036"]
[BlackElo "2249"]
[PlyCount "83"]
[EventDate "2015.08.07"]
[EventType "swiss"]
[EventRounds "8"]
[EventCountry "SWE"]
[SourceTitle "CBM 167 Extra"]
[Source "ChessBase"]
[SourceDate "2015.09.14"]
[SourceVersion "1"]
[SourceVersionDate "2015.09.14"]
[SourceQuality "1"]

1. e4 Nc6 2. Nf3 d6 3. Bb5 a6 4. Ba4 g6 5. d4 b5 6. Bb3 Na5 7. 0-0 Nxb3 8. axb3 Bg7 9. c4 Bb7 10. Qe2 b4 11. Nbd2 Nh6 12. d5 c5 13. e5 dxe5 14. Nxe5 Nf5 15. Ndf3 0-0 16. Bf4 Qc8 17. Ra5 e6 18. d6 f6 19. Nd3 e5 20. Nxc5 Nxd6 21. Bd2 Bc6 22. Bxb4 Re8 23. Bc3 Bf8 24. Nd2 Nf5 25. Nde4 Kg7 26. Rfa1 Nh4 27. f4 f5 28. g3 fxe4 29. gxh4 Kg8 30. fxe5 Bxc5+ 31. Rxc5 Qe6 32. Rf1 Rf8 33. Rf6 Rxf6 34. exf6 Rd8 35. Re5 Qh3 36. Re7 e3 37. Rg7+ Kf8 38. Bb4+ Ke8 39. Re7+ Kf8 40. Bc3 Kg8 41. Rg7+ Kh8 42. Rd7 1-0

[Event "Vaxjo op"]
[Site "Vaxjo"]
[Date "2015.02.15"]
[Round "8"]
[White "Lind, Jan Olov"]
[Black "Hansson, Fredrik"]
[Result "1-0"]
[WhiteElo "2238"]
[BlackElo "2029"]
[PlyCount "65"]
[EventDate "2015.02.13"]
[EventType "swiss"]
[EventRounds "8"]
[EventCountry "SWE"]
[SourceTitle "CBM 164 Extra"]
[Source "ChessBase"]
[SourceDate "2015.03.02"]
[SourceVersion "1"]
[SourceVersionDate "2015.03.02"]
[SourceQuality "1"]

1. e4 e5 2. Nf3 Nc6 3. Be2 Nf6 4. d3 d5 5. Nbd2 Bc5 6. 0-0 0-0 7. c3 Bb6 8. b4 a6 9. a3 Bg4 10. Bb2 dxe4 11. dxe4 Qe7 12. Qc2 Nh5 13. Rfe1 Nf4 14. Bf1 Qf6 15. c4 Bd4 16. Bxd4 Nxd4 17. Nxd4 exd4 18. e5 Qg5 19. g3 Bf5 20. Qc1 Ne6 21. Bg2 Rab8 22. f4 Qg6 23. Nf3 h5 24. Nh4 Qh7 25. Nxf5 Qxf5 26. Be4 Qg4 27. Kf2 f6 28. h3 Qxh3 29. Rh1 Nxf4 30. Rxh3 Nxh3+ 31. Kg2 Ng5 32. Bg6 Ne6 33. Qh1 1-0

[Event "Vaxjo op"]
[Site "Vaxjo"]
[Date "2015.02.13"]
[Round "3"]
[White "Arman, Deniz"]
[Black "Hansson, Fredrik"]
[Result "0-1"]
[WhiteElo "2276"]
[BlackElo "2029"]
[PlyCount "78"]
[EventDate "2015.02.13"]
[EventType "swiss"]
[EventRounds "8"]
[EventCountry "SWE"]
[SourceTitle "CBM 164 Extra"]
[Source "ChessBase"]
[SourceDate "2015.03.02"]
[SourceVersion "1"]
[SourceVersionDate "2015.03.02"]
[SourceQuality "1"]

1. e4 e5 2. Nf3 Nc6 3. Bb5 a6 4. Bxc6 dxc6 5. 0-0 Qf6 6. d4 exd4 7. Qxd4 Qxd4 8. Nxd4 Bd7 9. Nc3 0-0-0 10. Nde2 Bd6 11. Bf4 Ne7 12. Rfd1 Bc5 13. Kf1 Rhe8 14. Bg3 Ng6 15. f4 f6 16. Rd3 Bd6 17. Rad1 Bg4 18. Re3 Re7 19. h3 Bxe2+ 20. Nxe2 Rde8 21. f5 Ne5 22. Bxe5 Rxe5 23. Nd4 Rxe4 24. Rxe4 Rxe4 25. Ne6 g6 26. Re1 gxf5 27. Ng7 Rf4+ 28. Ke2 Kd7 29. Rf1 Rxf1 30. Kxf1 Be5 31. b3 f4 32. Ke2 Kd6 33. Kd3 Kd5 34. c4+ Kc5 35. a3 a5 36. Ne6+ Kd6 37. Nd8 b5 38. Nb7+ Ke6 39. Nxa5 Kd7 0-1

[Event "SWE-chT 1112"]
[Site "Sweden"]
[Date "2012.03.10"]
[Round "8"]
[White "Zadruzny, Nicolaj"]
[Black "Hansson, Fredrik"]
[Result "1-0"]
[WhiteElo "2276"]
[BlackElo "1985"]
[PlyCount "77"]
[EventDate "2011.10.07"]
[EventType "team-tourn"]
[EventRounds "9"]
[EventCountry "SWE"]
[SourceTitle "EXT 2013"]
[Source "ChessBase"]
[SourceDate "2012.11.22"]
[SourceVersion "1"]
[SourceVersionDate "2012.11.22"]
[SourceQuality "1"]
[WhiteTeam "Umea Rockaden"]
[BlackTeam "LASK"]
[WhiteTeamCountry "SWE"]
[BlackTeamCountry "SWE"]

1. c4 c5 2. Nf3 Nc6 3. d4 cxd4 4. Nxd4 Nf6 5. Nc3 g6 6. e4 d6 7. Be2 Nxd4 8. Qxd4 Bg7 9. Bg5 Qa5 10. Qd2 0-0 11. f3 Re8 12. Rc1 Bd7 13. b3 Rac8 14. 0-0 Bc6 15. Rc2 Nd7 16. Rb1 b6 17. Be3 f5 18. b4 Qe5 19. f4 Qe6 20. exf5 gxf5 21. Bd4 Qg6 22. Bf1 Nf6 23. Re1 Ne4 24. Nxe4 Bxe4 25. Rc3 e5 26. Rg3 Qe6 27. Bb2 Kh8 28. Rd1 Bh6 29. fxe5 dxe5 30. Bxe5+ Qxe5 31. Qxh6 Rg8 32. Rxg8+ Rxg8 33. Qd6 Qg7 34. Qd4 Rf8 35. Qxg7+ Kxg7 36. Kf2 f4 37. Rd4 Bb7 38. Be2 Rf7 39. Bh5 1-0

[Event "Rilton Cup 41st"]
[Site "Stockholm"]
[Date "2012.01.03"]
[Round "7"]
[White "Jonsson, Emil1111"]
[Black "Hansson, Fredrik"]
[Result "1-0"]
[WhiteElo "2066"]
[BlackElo "1985"]
[PlyCount "55"]
[EventDate "2011.12.27"]
[EventType "swiss"]
[EventRounds "9"]
[EventCountry "SWE"]
[SourceTitle "CBM 146 Extra"]
[Source "ChessBase"]
[SourceDate "2012.02.29"]
[SourceVersion "1"]
[SourceVersionDate "2012.02.29"]
[SourceQuality "1"]

1. e4 e5 2. Nf3 Nc6 3. d4 exd4 4. Bc4 Nf6 5. e5 d5 6. Bb5 Ne4 7. Nxd4 Bd7 8. Bxc6 bxc6 9. 0-0 Bc5 10. f3 Ng5 11. f4 Ne4 12. Be3 Bb6 13. Nc3 Nxc3 14. bxc3 0-0 15. Qd2 Qe7 16. Rae1 Rae8 17. Kh1 Qa3 18. Nb3 Bf5 19. Bxb6 axb6 20. Nd4 Be4 21. f5 c5 22. f6 Rxe5 23. Nc6 Rh5 24. Ne7+ Kh8 25. fxg7+ Kxg7 26. Qf4 Bg6 27. Qf6+ Kh6 28. g4 1-0

[Event "Rilton Cup 41st"]
[Site "Stockholm"]
[Date "2011.12.30"]
[Round "4"]
[White "Hansson, Fredrik"]
[Black "Pettersson, Anders"]
[Result "1/2-1/2"]
[WhiteElo "1985"]
[BlackElo "2207"]
[PlyCount "91"]
[EventDate "2011.12.27"]
[EventType "swiss"]
[EventRounds "9"]
[EventCountry "SWE"]
[SourceTitle "CBM 146 Extra"]
[Source "ChessBase"]
[SourceDate "2012.02.29"]
[SourceVersion "1"]
[SourceVersionDate "2012.02.29"]
[SourceQuality "1"]

1. e4 c5 2. c3 Nf6 3. e5 Nd5 4. d4 cxd4 5. cxd4 Nc6 6. Nf3 d6 7. Bc4 e6 8. 0-0 Nb6 9. Bb5 dxe5 10. Nxe5 Bd7 11. Nxd7 Qxd7 12. Qf3 Qd5 13. Qxd5 Nxd5 14. Nc3 0-0-0 15. Rd1 Bb4 16. Bxc6 bxc6 17. Ne4 Ne7 18. Ng5 Rdf8 19. Be3 h6 20. Nf3 f6 21. Rac1 Rd8 22. d5 Rxd5 23. Rxd5 exd5 24. Bxa7 Kb7 25. Be3 Nf5 26. Kf1 Ra8 27. a3 Nxe3+ 28. fxe3 Bd6 29. Ke2 c5 30. h3 Rb8 31. Rc2 Kb6 32. Nh4 Be5 33. Nf5 Rb7 34. b4 cxb4 35. axb4 Rd7 36. Rc5 d4 37. exd4 Bxd4 38. Rc4 Be5 39. Rg4 g5 40. Nxh6 Kb5 41. Ke3 Rd1 42. Ke2 Rb1 43. Kf3 Rf1+ 44. Ke2 Rb1 45. Kd3 Rd1+ 46. Kc2 1/2-1/2

[Event "Rilton Cup 41st"]
[Site "Stockholm"]
[Date "2011.12.29"]
[Round "3"]
[White "Johansson, Gunnar"]
[Black "Hansson, Fredrik"]
[Result "1-0"]
[WhiteElo "2238"]
[BlackElo "1985"]
[PlyCount "69"]
[EventDate "2011.12.27"]
[EventType "swiss"]
[EventRounds "9"]
[EventCountry "SWE"]
[SourceTitle "CBM 146 Extra"]
[Source "ChessBase"]
[SourceDate "2012.02.29"]
[SourceVersion "1"]
[SourceVersionDate "2012.02.29"]
[SourceQuality "1"]

1. d4 d5 2. c4 c6 3. Nf3 Nf6 4. e3 Bf5 5. Nc3 e6 6. Nh4 Bg6 7. Nxg6 hxg6 8. Bd2 Nbd7 9. b3 Bd6 10. g3 0-0 11. Bg2 dxc4 12. bxc4 e5 13. 0-0 Rc8 14. Qc2 Bb8 15. Rfd1 Qe7 16. Qb3 b6 17. a4 exd4 18. exd4 c5 19. Re1 Qd8 20. d5 Be5 21. Rad1 Ne8 22. Bh3 f5 23. Nb5 Bb8 24. Bg2 Nd6 25. Nc3 Re8 26. Bf4 Qf6 27. Re6 Qf8 28. Rde1 Kh7 29. a5 Bc7 30. Qa4 Nf6 31. axb6 axb6 32. Qa7 Rxe6 33. dxe6 Qe7 34. Qa6 Rd8 35. Bg5 1-0

[Event "Rilton Cup 41st"]
[Site "Stockholm"]
[Date "2011.12.28"]
[Round "2"]
[White "Hansson, Fredrik"]
[Black "Bellon Lopez, Juan Manuel"]
[Result "0-1"]
[WhiteElo "1985"]
[BlackElo "2419"]
[PlyCount "88"]
[EventDate "2011.12.27"]
[EventType "swiss"]
[EventRounds "9"]
[EventCountry "SWE"]
[SourceTitle "CBM 146 Extra"]
[Source "ChessBase"]
[SourceDate "2012.02.29"]
[SourceVersion "1"]
[SourceVersionDate "2012.02.29"]
[SourceQuality "1"]

1. e4 c5 2. c3 Qa5 3. Bc4 e6 4. Nf3 b5 5. Bb3 Bb7 6. Qe2 d6 7. 0-0 Nd7 8. d4 Be7 9. Bf4 Ngf6 10. Nbd2 a6 11. e5 dxe5 12. dxe5 Nd5 13. Bg3 c4 14. Bc2 Nc5 15. a4 Qb6 16. Nd4 0-0 17. h4 Rad8 18. h5 Rfe8 19. Ne4 Nb4 20. a5 Qa7 21. Nxb5 axb5 22. cxb4 Nxe4 23. Bxe4 Bxb4 24. Bxb7 Qxb7 25. a6 Qc6 26. Bf4 Ra8 27. a7 Bc5 28. Be3 Qb6 29. Bxc5 Qxc5 30. h6 Rxa7 31. Qg4 g6 32. Qf4 Rxa1 33. Rxa1 Rc8 34. Rc1 b4 35. Qf6 Qf8 36. Qf4 c3 37. bxc3 bxc3 38. Rc2 Qd8 39. Rc1 c2 40. g3 Rc5 41. Kf1 f6 42. exf6 Kf7 43. Ra1 Qc7 44. Qb4 c1Q+ 0-1

[Event "SWE-ch U20"]
[Site "Vasteras"]
[Date "2011.07.22"]
[Round "7"]
[White "Lindgren, Philip"]
[Black "Hansson, Fredrik"]
[Result "1-0"]
[WhiteElo "2126"]
[BlackElo "1983"]
[PlyCount "49"]
[EventDate "2011.07.16"]
[EventType "tourn"]
[EventRounds "9"]
[EventCountry "SWE"]
[SourceTitle "CBM 143 Extra"]
[Source "ChessBase"]
[SourceDate "2011.08.29"]
[SourceVersion "1"]
[SourceVersionDate "2011.08.29"]
[SourceQuality "1"]

1. d4 d5 2. c4 c6 3. Nf3 Nf6 4. Nc3 dxc4 5. a4 Bf5 6. e3 e6 7. Bxc4 Bb4 8. 0-0 Nbd7 9. Qe2 0-0 10. e4 Bg6 11. Bd3 Bh5 12. Bf4 Qa5 13. e5 Bxf3 14. Qxf3 Nd5 15. Qh3 g6 16. Bh6 Bxc3 17. bxc3 Rfe8 18. Bd2 c5 19. Bb5 Qc7 20. c4 Ne7 21. d5 Nf5 22. d6 Nxd6 23. exd6 Qxd6 24. Bc3 Qe7 25. Qf3 1-0

[Event "SWE-ch U20"]
[Site "Vasteras"]
[Date "2011.07.17"]
[Round "2"]
[White "Hansson, Fredrik"]
[Black "Agrest, Inna"]
[Result "0-1"]
[WhiteElo "1983"]
[BlackElo "2210"]
[PlyCount "90"]
[EventDate "2011.07.16"]
[EventType "tourn"]
[EventRounds "9"]
[EventCountry "SWE"]
[SourceTitle "CBM 143 Extra"]
[Source "ChessBase"]
[SourceDate "2011.08.29"]
[SourceVersion "1"]
[SourceVersionDate "2011.08.29"]
[SourceQuality "1"]

1. e4 e5 2. Nf3 Nc6 3. Bb5 a6 4. Ba4 Nf6 5. 0-0 b5 6. Bb3 Bc5 7. a4 Rb8 8. axb5 axb5 9. c3 0-0 10. d4 Bb6 11. dxe5 Ng4 12. Bf4 Qe8 13. Nbd2 Ngxe5 14. Qe2 d6 15. Nxe5 Nxe5 16. Be3 c5 17. Bd5 Kh8 18. Kh1 f5 19. f4 Ng4 20. Bg1 Nf6 21. Rae1 Nxd5 22. exd5 Qxe2 23. Rxe2 Bb7 24. c4 bxc4 25. Nxc4 Bxd5 26. Nxb6 Rxb6 27. Rd2 Bb3 28. Rf3 h6 29. Rfd3 Rf6 30. h3 Re6 31. Kh2 Bc4 32. Rc3 Re4 33. Kg3 Kg8 34. Bf2 Rc6 35. b3 Ba6 36. Kf3 Kf7 37. g4 g6 38. gxf5 gxf5 39. Bh4 Bb7 40. Bf2 Rc8 41. Re3 Rxe3+ 42. Kxe3 Re8+ 43. Kd3 Re4 44. Kc3 Ke6 45. Bg3 Bd5 0-1

[Event "SWE-ch U20"]
[Site "Vasteras"]
[Date "2011.07.16"]
[Round "1"]
[White "Wickstrom, Lucas"]
[Black "Hansson, Fredrik"]
[Result "1-0"]
[WhiteElo "2236"]
[BlackElo "1983"]
[PlyCount "109"]
[EventDate "2011.07.16"]
[EventType "tourn"]
[EventRounds "9"]
[EventCountry "SWE"]
[SourceTitle "CBM 143 Extra"]
[Source "ChessBase"]
[SourceDate "2011.08.29"]
[SourceVersion "1"]
[SourceVersionDate "2011.08.29"]
[SourceQuality "1"]

1. d4 d5 2. c4 c6 3. Nc3 Nf6 4. cxd5 cxd5 5. Bf4 Nc6 6. e3 e6 7. Bd3 Be7 8. Rc1 a6 9. h3 0-0 10. Nf3 Nd7 11. 0-0 Nb6 12. Bb1 f5 13. Nd2 Bd7 14. f3 Rc8 15. a4 Na5 16. e4 Bb4 17. Bc2 Bxc3 18. bxc3 Rxc3 19. Bd6 Rf7 20. Bb4 Nxa4 21. Ra1 Rxc2 22. Qxc2 b5 23. exd5 exd5 24. Bxa5 Qxa5 25. Nb3 Qb4 26. Rfd1 f4 27. Nc5 Bf5 28. Qd2 Qxd2 29. Rxd2 Nb6 30. Rxa6 Nc4 31. Ra8+ Rf8 32. Rda2 Rxa8 33. Rxa8+ Kf7 34. Rd8 Ne3 35. Rb8 Nc2 36. Rxb5 Nxd4 37. Rb4 Ne6 38. Nxe6 Kxe6 39. Rxf4 Ke5 40. Rb4 g5 41. Kf2 d4 42. Rb5+ Kf6 43. Rd5 d3 44. Ke3 Ke6 45. Rd8 Ke7 46. Rd4 Ke6 47. h4 h6 48. hxg5 hxg5 49. Rxd3 Bxd3 50. Kxd3 Ke5 51. Ke3 Kf5 52. g3 Ke5 53. g4 Kf6 54. Kd4 Ke6 55. Ke4 1-0